Catálogo

Don Miguel de Unamuno : (Registro nro. 38049)

Detalles MARC
000 -LEADER
fixed length control field 00959cam a2200265 i 4500
001 - CONTROL NUMBER
control field 38049
003 - CONTROL NUMBER IDENTIFIER
control field Mx-PuUPA
005 - DATE AND TIME OF LATEST TRANSACTION
control field 20260415161120.0
008 - FIXED-LENGTH DATA ELEMENTS--GENERAL INFORMATION
fixed length control field 140415s1964 sp f r 000 0 spa d
040 ## - CATALOGING SOURCE
Original cataloging agency Mx-PuUPA
Language of cataloging spa
Transcribing agency Mx-PuUPA
Modifying agency Mx-PuUPA
Description conventions rda
041 0# - LANGUAGE CODE
Language code of text/sound track or separate title spa
100 1# - MAIN ENTRY--PERSONAL NAME
Personal name Pérez y Pérez, Dionisio,
Dates associated with a name 1926-2010
Relator term autor
9 (RLIN) 9137
245 10 - TITLE STATEMENT
Title Don Miguel de Unamuno :
Remainder of title ensayo acerca de su iconografía y relación con las bellas artes /
Statement of responsibility, etc. Dionisio Pérez
264 #3 - PRODUCTION, PUBLICATION, DISTRIBUTION, MANUFACTURE, AND COPYRIGHT NOTICE
Place of production, publication, distribution, manufacture San Sebastián :
Name of producer, publisher, distributor, manufacturer Artes Gráficas Azar,
Date of production, publication, distribution, manufacture, or copyright notice [1964]
300 ## - PHYSICAL DESCRIPTION
Extent 58 páginas :
Other physical details láminas ;
Dimensions 20 cm.
336 ## - CONTENT TYPE
Fuente rdacontent
Content type term texto
Content type code txt
337 ## - MEDIA TYPE
Source rdamedia
Media type term sin medio
Media type code n
338 ## - CARRIER TYPE
Source rdacarrier
Carrier type term volumen
Carrier type code nc
500 ## - GENERAL NOTE
General note "Con setenta y cinco láminas". -- Portada
501 ## - WITH NOTE
With note Con: Iconografía Unamuniana (lxx páginas de láminas ; 20 cm.)
650 #4 - SUBJECT ADDED ENTRY--TOPICAL TERM
Topical term or geographic name entry element Iconografía
942 ## - ADDED ENTRY ELEMENTS (KOHA)
Source of classification or shelving scheme Dewey Decimal Classification
Koha item type Libro
Classification part 704.94
Item part M634
Existencias
Withdrawn status Lost status Source of classification or shelving scheme Damaged status Not for loan Collection code Home library Current library Shelving location Date acquired Source of acquisition Total Checkouts Full call number Barcode Date last seen Date last checked out Price effective from Koha item type
    Dewey Decimal Classification     General Biblioteca Karol Wojtyla Biblioteca Karol Wojtyla Sala general 03/12/2013 Compra 1 704.94 M634 1964 5723 05/01/2026 05/03/2019 03/12/2013 Libro